[Event "29. Abierto Ciudad de Sevilla"]
[Site "Sevilla ESP"]
[Date "2004.01.16"]
[Round "8.5"]
[White "Cheparinov, Ivan"]
[Black "Matamoros Franco, Carlos S"]
[Result "1/2-1/2"]
[WhiteElo "2550"]
[BlackElo "2490"]
[PlyCount "97"]
[EventDate "2004.01.09"]
[EventType "swiss"]
[EventRounds "9"]
[EventCountry "ESP"]
[Source "lmi"]
[SourceDate "2004.01.17"]

1. e4 e6 2. d4 d5 3. Nc3 Bb4 4. e5 Ne7 5. a3 Bxc3+ 6. bxc3 c5 7. Qg4 O-O 8. Bd3
Nbc6 9. Qh5 Ng6 10. Nf3 Qc7 11. Be3 Nce7 12. h4 Bd7 13. Qg4 f5 14. Qh3 cxd4 15.
cxd4 Bb5 16. O-O Bxd3 17. cxd3 Nh8 18. h5 Nf7 19. h6 g6 20. Qh4 Qd7 21. Qf6
Nxh6 22. Bxh6 Rxf6 23. exf6 Nc6 24. Rfe1 Nd8 25. Rac1 Nf7 26. Bf4 Rc8 27. Ne5
Nxe5 28. Rxc8+ Qxc8 29. dxe5 d4 30. Rc1 Qd8 31. Bd2 a5 32. Rc5 Kf7 33. Kh2 h6
34. Rxa5 Qc7 35. Bb4 g5 36. Rc5 Qb8 37. Rb5 Qc7 38. Bd6 Qc1 39. Rxb7+ Kg6 40.
g3 Qf1 41. f7 Qxf2+ 42. Kh1 Qf3+ 43. Kh2 Qxd3 44. f8=Q Qd2+ 45. Kg1 Qc1+ 46.
Kg2 Qd2+ 47. Kg1 Qe1+ 48. Kg2 Qe2+ 49. Kg1 1/2-1/2

[Event "29. Abierto Ciudad de Sevilla"]
[Site "Sevilla ESP"]
[Date "2004.01.16"]
[Round "8.6"]
[White "Teske, Henrik"]
[Black "Barria, Daniel"]
[Result "1-0"]
[WhiteElo "2526"]
[BlackElo "2351"]
[PlyCount "117"]
[EventDate "2004.01.09"]
[EventType "swiss"]
[EventRounds "9"]
[EventCountry "ESP"]
[Source "lmi"]
[SourceDate "2004.01.17"]

1. Nf3 d5 2. d4 c6 3. c4 Nf6 4. Nc3 e6 5. Bg5 Nbd7 6. e3 Qa5 7. cxd5 Nxd5 8.
Qd2 Bb4 9. Rc1 h6 10. Bh4 c5 11. Bd3 cxd4 12. exd4 b6 13. O-O O-O 14. a3 Bxc3
15. bxc3 Ba6 16. Bxa6 Qxa6 17. c4 N5f6 18. Qb4 Rac8 19. Rc2 Rc6 20. Rfc1 Rfc8
21. Nd2 Qb7 22. Qb3 e5 23. d5 Rc5 24. f3 Qa6 25. Qb2 Re8 26. Bf2 Rcc8 27. Ne4
Nxe4 28. fxe4 Nf6 29. Bg3 Nxe4 30. Bxe5 f6 31. Bd4 Qa4 32. Qb4 Qd7 33. Re1 Re7
34. Rce2 Rce8 35. h3 f5 36. a4 f4 37. Qb5 Qxb5 38. cxb5 Kf7 39. Bxg7 Kxg7 40.
d6 Rd7 41. Rxe4 Rxe4 42. Rxe4 Rxd6 43. Rxf4 Kg6 44. Kf2 Rd3 45. h4 Ra3 46. Kg1
Kh5 47. Kh2 Kg6 48. g3 h5 49. Kh3 Ra1 50. Rd4 Kf5 51. Rd5+ Ke4 52. Rxh5 Rxa4
53. Rg5 Ra1 54. Kg4 a5 55. bxa6 Rxa6 56. Rb5 Kd4 57. h5 Kc4 58. Rb1 b5 59. Rh1
1-0

[Event "29. Abierto Ciudad de Sevilla"]
[Site "Sevilla ESP"]
[Date "2004.01.16"]
[Round "8.7"]
[White "Strikovic, Aleksa"]
[Black "Rodriguez Guerrero, Enrique"]
[Result "1-0"]
[WhiteElo "2524"]
[BlackElo "2391"]
[PlyCount "91"]
[EventDate "2004.01.09"]
[EventType "swiss"]
[EventRounds "9"]
[EventCountry "ESP"]
[Source "lmi"]
[SourceDate "2004.01.17"]

1. e4 e6 2. d3 d5 3. Qe2 Nf6 4. Nf3 Be7 5. g3 c5 6. Bg2 Nc6 7. O-O b5 8. a4 b4
9. Nbd2 a5 10. exd5 exd5 11. Nb3 O-O 12. Be3 Qb6 13. h3 Ba6 14. Rfe1 Rad8 15.
Nh4 Rfe8 16. Qf3 Ne5 17. Qd1 Nc6 18. Nf5 Bf8 19. Bg5 Rxe1+ 20. Qxe1 c4 21. dxc4
dxc4 22. Be3 Qc7 23. Nbd4 Nxd4 24. Bxd4 Bc8 25. Nh6+ Kh8 26. Qe3 Qd7 27. Be5
Re8 28. Qf4 Qe6 29. Re1 Bd6 30. Re3 Bxe5 31. Rxe5 Qd7 32. Rxa5 Qd1+ 33. Kh2 Be6
34. Ra7 Qxc2 35. Nxf7+ Bxf7 36. Rxf7 Qxb2 37. Qxc4 Rg8 38. Rb7 Qxf2 39. Qxb4
Qe3 40. a5 Nh5 41. Qg4 Nf6 42. Qf3 Qe6 43. Qc6 Qe2 44. a6 Qh5 45. Qf3 Qc5 46.
a7 1-0

[Event "29. Abierto Ciudad de Sevilla"]
[Site "Sevilla ESP"]
[Date "2004.01.16"]
[Round "8.8"]
[White "Paunovic, Dragan"]
[Black "Teran Alvarez, Ismael"]
[Result "1/2-1/2"]
[WhiteElo "2517"]
[BlackElo "2382"]
[PlyCount "86"]
[EventDate "2004.01.09"]
[EventType "swiss"]
[EventRounds "9"]
[EventCountry "ESP"]
[Source "lmi"]
[SourceDate "2004.01.17"]

1. c4 Nf6 2. g3 e5 3. Bg2 c6 4. d3 d5 5. cxd5 cxd5 6. Nf3 Nc6 7. O-O Be7 8. Bg5
O-O 9. Nc3 Be6 10. d4 e4 11. Ne5 Rc8 12. Nxc6 Rxc6 13. Qd2 h6 14. Bxf6 Bxf6 15.
e3 Be7 16. Rfc1 Qd7 17. a3 Rfc8 18. Bf1 a6 19. Na2 f5 20. Rxc6 Rxc6 21. Rc1 g5
22. Be2 Bd6 23. Rxc6 Qxc6 24. Qc3 Qd7 25. Qb3 f4 26. Nc3 f3 27. Bf1 Kg7 28. a4
h5 29. a5 h4 30. Na4 Qc6 31. Nb6 Qc7 32. Na4 hxg3 33. hxg3 Bxg3 34. Nc5 Bf7 35.
Qxb7 Bxf2+ 36. Kxf2 Qh2+ 37. Ke1 Qc2 38. Bxa6 Qc1+ 39. Kf2 Qd2+ 40. Kf1 Qc1+
41. Kf2 Qd2+ 42. Kf1 Qd1+ 43. Kf2 Qd2+ 1/2-1/2

[Event "29. Abierto Ciudad de Sevilla"]
[Site "Sevilla ESP"]
[Date "2004.01.16"]
[Round "8.9"]
[White "Khamrakulov, Ibragim S"]
[Black "Campos Moreno, Javier B"]
[Result "1-0"]
[WhiteElo "2452"]
[BlackElo "2498"]
[PlyCount "133"]
[EventDate "2004.01.09"]
[EventType "swiss"]
[EventRounds "9"]
[EventCountry "ESP"]
[Source "lmi"]
[SourceDate "2004.01.17"]

1. e4 c5 2. c3 d5 3. exd5 Qxd5 4. d4 Nf6 5. Na3 cxd4 6. Nb5 Na6 7. Qxd4 Qxd4 8.
Nxd4 e5 9. Bxa6 bxa6 10. Nb3 Nd5 11. Nf3 f6 12. Bd2 Kf7 13. O-O Be6 14. Rfe1
Be7 15. Re4 Nb6 16. Na5 Bd5 17. Re2 Rhd8 18. Be3 Rac8 19. Nd2 Ba8 20. Nab3 Rd7
21. f4 exf4 22. Bxf4 Na4 23. Nd4 Bc5 24. N2b3 Bb6 25. Rae1 a5 26. Kh1 Nc5 27.
Nf5 Nd3 28. Re7+ Rxe7 29. Rxe7+ Kf8 30. Be3 Bxe3 31. Rxe3 Nxb2 32. Nbd4 Bd5 33.
Ne7 Rd8 34. Nxd5 Rxd5 35. Rg3 Nc4 36. h3 Kf7 37. Nb3 Nb6 38. Nd4 a4 39. Kg1 Rc5
40. Kf2 Nd5 41. Ne2 h5 42. Ke1 g5 43. Rd3 h4 44. Kd2 Kg6 45. Rd4 Nb6 46. Kd3
Kf7 47. c4 Ke6 48. Nc3 Rf5 49. Ne4 Nd7 50. Rd6+ Ke7 51. Ra6 Ne5+ 52. Kd4 Rf1
53. Rxa7+ Ke6 54. Ra6+ Ke7 55. Rxa4 Rd1+ 56. Kc5 Rg1 57. Ra7+ Ke6 58. Ra6+ Kf5
59. Nxf6 Rxg2 60. Nd5 Rg3 61. Ne7+ Ke4 62. Re6 Rc3 63. Kd6 Rxc4 64. Rxe5+ Kf4
65. Ng6+ Kg3 66. Rxg5+ Kxh3 67. Rh5 1-0

[Event "29. Abierto Ciudad de Sevilla"]
[Site "Sevilla ESP"]
[Date "2004.01.16"]
[Round "8.12"]
[White "Komljenovic, Davor"]
[Black "Razmyslov, Alexander"]
[Result "1-0"]
[WhiteElo "2441"]
[BlackElo "2337"]
[PlyCount "93"]
[EventDate "2004.01.09"]
[EventType "swiss"]
[EventRounds "9"]
[EventCountry "ESP"]
[Source "lmi"]
[SourceDate "2004.01.17"]

1. c4 e6 2. Nf3 Nf6 3. Nc3 c5 4. d4 d5 5. cxd5 exd5 6. g3 Nc6 7. Bg2 c4 8. Bg5
Bb4 9. O-O O-O 10. Bxf6 gxf6 11. Ne1 Bxc3 12. bxc3 Re8 13. Nc2 Qd6 14. Rb1 Ne7
15. Re1 Rb8 16. a4 b6 17. e4 dxe4 18. Bxe4 Bd7 19. Ne3 Rbc8 20. Qh5 Ng6 21. Bd5
Be6 22. Bb7 Rc7 23. Nd5 Kg7 24. Nxc7 Qxc7 25. Bg2 Rd8 26. a5 f5 27. axb6 axb6
28. Rb2 Qa7 29. Qe2 Qa3 30. Qd2 Rd6 31. Reb1 Qa7 32. d5 f6 33. Qd4 Ne7 34. Qf4
Rxd5 35. Bxd5 Bxd5 36. Re1 Ba8 37. Rb4 Ng6 38. Qxf5 Qb7 39. f3 Qxf3 40. Qxf3
Bxf3 41. Rb2 h5 42. Rxb6 h4 43. Rf1 Ne5 44. gxh4 Kf7 45. Kf2 Bg4 46. Kg3 Be6
47. h5 1-0

[Event "29. Abierto Ciudad de Sevilla"]
[Site "Sevilla ESP"]
[Date "2004.01.16"]
[Round "8.13"]
[White "Llorente Galardy, Jorge"]
[Black "Castellanos Rodriguez, Renier"]
[Result "1/2-1/2"]
[WhiteElo "2295"]
[BlackElo "2438"]
[PlyCount "152"]
[EventDate "2004.01.09"]
[EventType "swiss"]
[EventRounds "9"]
[EventCountry "ESP"]
[Source "lmi"]
[SourceDate "2004.01.17"]

1. Nf3 Nf6 2. g3 b6 3. Bg2 Bb7 4. O-O c5 5. c4 e6 6. Nc3 a6 7. d4 cxd4 8. Nxd4
Bxg2 9. Kxg2 d6 10. b3 Nbd7 11. e4 Rc8 12. Bb2 Be7 13. Qe2 O-O 14. Rfd1 Qc7 15.
Rd2 Rfe8 16. Qd1 Qb7 17. f3 Bf8 18. Qf1 Rc7 19. Rad1 Rec8 20. Rc1 Ne5 21. Qe2
Ng6 22. Rdc2 Re8 23. Nd1 Rd7 24. Kg1 Rdd8 25. Nf2 h5 26. Qe3 Rc8 27. Ne2 Ne5
28. h3 Ned7 29. g4 hxg4 30. hxg4 d5 31. e5 Nh7 32. f4 f6 33. exf6 Nhxf6 34. g5
Bc5 35. Bd4 Ne4 36. Nxe4 dxe4 37. Bxc5 Nxc5 38. Rd2 Rcd8 39. Rcd1 Rc8 40. Nc3
Rf8 41. g6 Rf6 42. Rd8+ Rxd8 43. Rxd8+ Rf8 44. Rd2 Rf6 45. Rd8+ Rf8 46. Rxf8+
Kxf8 47. b4 Nd7 48. Nxe4 Qc6 49. Qd3 Ke7 50. Kf2 Nf6 51. Ke3 Ng4+ 52. Ke2 Nf6
53. Kf3 Nd7 54. Qc3 Nf6 55. Qd4 Ke8 56. Ke3 Ng4+ 57. Kd3 e5 58. Nd6+ Kd7 59.
fxe5 Qf3+ 60. Kd2 Qg2+ 61. Kc1 Qf1+ 62. Kc2 Qe2+ 63. Kb3 Qxe5 64. Qxg4+ Kxd6
65. Qf3 Qa1 66. Qc3 Qb1+ 67. Ka3 Qxg6 68. c5+ Kc7 69. cxb6+ Kxb6 70. Qc5+ Kb7
71. Qe7+ Kb6 72. Qd8+ Kb7 73. Qe7+ Kb6 74. Qe3+ Kb7 75. Qf3+ Kb6 76. Qf2+ Kb7
1/2-1/2

[Event "29. Abierto Ciudad de Sevilla"]
[Site "Sevilla ESP"]
[Date "2004.01.16"]
[Round "8.14"]
[White "Martin Perez, Javier"]
[Black "Van Hoolandt, Patrick"]
[Result "0-1"]
[WhiteElo "2280"]
[BlackElo "2436"]
[PlyCount "50"]
[EventDate "2004.01.09"]
[EventType "swiss"]
[EventRounds "9"]
[EventCountry "ESP"]
[Source "lmi"]
[SourceDate "2004.01.17"]

1. e4 c5 2. Nf3 e6 3. d4 cxd4 4. Nxd4 a6 5. Nc3 d6 6. Be2 b5 7. a3 Bb7 8. f4
Nf6 9. Bf3 Qc7 10. O-O Nbd7 11. Kh1 Be7 12. Qe2 Rc8 13. g4 Qc4 14. Qd3 h6 15.
g5 hxg5 16. fxg5 Nh5 17. Kg2 Ne5 18. Qxc4 Rxc4 19. Nb3 Nxf3 20. Kxf3 f5 21. Re1
fxe4+ 22. Nxe4 O-O+ 23. Kg4 Bxe4 24. Kxh5 Bf3+ 25. Kg6 Rh4 0-1

[Event "29. Abierto Ciudad de Sevilla"]
[Site "Sevilla ESP"]
[Date "2004.01.16"]
[Round "8.15"]
[White "Fernandez Romero, Ernesto"]
[Black "Lacrosse, Marc"]
[Result "1/2-1/2"]
[WhiteElo "2425"]
[BlackElo "2235"]
[PlyCount "98"]
[EventDate "2004.01.09"]
[EventType "swiss"]
[EventRounds "9"]
[EventCountry "ESP"]
[Source "lmi"]
[SourceDate "2004.01.17"]

1. e4 e5 2. Nf3 Nc6 3. Bb5 a6 4. Ba4 Nf6 5. d4 exd4 6. O-O Be7 7. Re1 b5 8. Bb3
d6 9. Bd5 Nxd5 10. exd5 Ne5 11. Nxd4 O-O 12. a4 Bd7 13. Nc3 b4 14. Nce2 Bf6 15.
Ng3 Re8 16. Ne4 c5 17. dxc6 Nxc6 18. Nf3 Bg4 19. h3 Bh5 20. Rb1 Ne5 21. g4 Bg6
22. Bf4 Nc4 23. Nxf6+ Qxf6 24. Qd4 Qxd4 25. Nxd4 b3 26. Rxe8+ Rxe8 27. Rc1 Nxb2
28. Nxb3 Nxa4 29. Bxd6 Nc3 30. Kf1 Rd8 31. Bb4 Na2 32. Ba5 Nxc1 33. Bxd8 Nxb3
34. cxb3 Bc2 35. b4 Ba4 36. Ke1 g6 37. Kd2 Bb5 38. Ke3 Kf8 39. Kf4 Kg8 40. Kg5
Kg7 41. Bf6+ Kg8 42. h4 Be2 43. h5 gxh5 44. gxh5 Bd1 45. h6 Be2 46. Be7 Bd1 47.
f4 Be2 48. f5 Bd3 49. f6 Bb5 1/2-1/2

[Event "29. Abierto Ciudad de Sevilla"]
[Site "Sevilla ESP"]
[Date "2004.01.16"]
[Round "8.16"]
[White "Ortega Valle, Jose R"]
[Black "Barrientos Chavarriaga, Sergio"]
[Result "0-1"]
[WhiteElo "2274"]
[BlackElo "2425"]
[PlyCount "66"]
[EventDate "2004.01.09"]
[EventType "swiss"]
[EventRounds "9"]
[EventCountry "ESP"]
[Source "lmi"]
[SourceDate "2004.01.17"]

1. Nf3 c5 2. g3 Nc6 3. Bg2 e5 4. d3 g6 5. O-O Bg7 6. c4 Nge7 7. Nc3 d6 8. Bg5
f6 9. Bd2 Be6 10. e4 Qd7 11. Nd5 O-O 12. Nxe7+ Qxe7 13. h3 f5 14. Ng5 f4 15.
Nxe6 Qxe6 16. Bc3 Rf7 17. g4 f3 18. Bxf3 Raf8 19. Bg2 Bf6 20. f4 exf4 21. e5
Bxe5 22. Bd5 Qf6 23. Bxe5 Nxe5 24. b4 Kg7 25. Bxf7 Rxf7 26. Qd2 Qh4 27. Qh2 f3
28. Rf2 Nxd3 29. Raf1 Nxf2 30. Rxf2 Qf6 31. bxc5 dxc5 32. h4 Qf4 33. Qh3 h5 0-1

[Event "29. Abierto Ciudad de Sevilla"]
[Site "Sevilla ESP"]
[Date "2004.01.16"]
[Round "8.17"]
[White "Saldaño, Horacio"]
[Black "Castillo Gallego, Sergio"]
[Result "1-0"]
[WhiteElo "2424"]
[BlackElo "2233"]
[PlyCount "63"]
[EventDate "2004.01.09"]
[EventType "swiss"]
[EventRounds "9"]
[EventCountry "ESP"]
[Source "lmi"]
[SourceDate "2004.01.17"]

1. e4 e5 2. Nf3 Nc6 3. Bb5 Nge7 4. O-O g6 5. c3 Bg7 6. d4 a6 7. Bc4 exd4 8.
cxd4 O-O 9. d5 Ne5 10. Nxe5 Bxe5 11. f4 Bg7 12. f5 Bf6 13. g4 c5 14. Kg2 gxf5
15. gxf5 Kh8 16. Qh5 b5 17. Be2 Bb7 18. Nd2 Rg8+ 19. Kh1 Qe8 20. Bf3 c4 21. Rd1
Nc8 22. Nf1 Nd6 23. Ng3 Qe5 24. Qh6 Rxg3 25. hxg3 Nxe4 26. Bf4 Nf2+ 27. Kg1
Qxb2 28. Rab1 Nxd1 29. Rxb2 Bxb2 30. f6 Bd4+ 31. Kh2 Rg8 32. Be4 1-0

[Event "29. Abierto Ciudad de Sevilla"]
[Site "Sevilla ESP"]
[Date "2004.01.16"]
[Round "8.18"]
[White "Garrido Dominguez, Jesus"]
[Black "Suba, Mihai"]
[Result "1-0"]
[WhiteElo "2213"]
[BlackElo "2522"]
[PlyCount "57"]
[EventDate "2004.01.09"]
[EventType "swiss"]
[EventRounds "9"]
[EventCountry "ESP"]
[Source "lmi"]
[SourceDate "2004.01.17"]

1. e4 Nf6 2. e5 Nd5 3. c4 Nb6 4. d4 d6 5. exd6 exd6 6. Nc3 Be7 7. Bd3 Nc6 8.
Nge2 Bg4 9. f3 Bh5 10. O-O O-O 11. b3 Re8 12. Ng3 Bg6 13. Bxg6 hxg6 14. d5 Nb4
15. Bb2 Na6 16. Nce4 f5 17. Qd4 Bf8 18. Nf2 c6 19. Nh3 Qe7 20. Rfe1 Qxe1+ 21.
Rxe1 Rxe1+ 22. Kf2 Rae8 23. Ng5 Nb4 24. Nxf5 R1e2+ 25. Kg3 R8e4 26. Nh6+ Kh8
27. Nxe4 c5 28. Nxc5 dxc5 29. Qf4 1-0

[Event "29. Abierto Ciudad de Sevilla"]
[Site "Sevilla ESP"]
[Date "2004.01.16"]
[Round "8.20"]
[White "Desanjose Candalija, Eduardo"]
[Black "Ivanov, Jordan"]
[Result "0-1"]
[WhiteElo "2155"]
[BlackElo "2406"]
[PlyCount "50"]
[EventDate "2004.01.09"]
[EventType "swiss"]
[EventRounds "9"]
[EventCountry "ESP"]
[Source "lmi"]
[SourceDate "2004.01.17"]

1. c4 Nf6 2. Nc3 g6 3. g3 Bg7 4. Bg2 O-O 5. d4 d6 6. Nf3 c6 7. O-O Qa5 8. e4 e5
9. h3 Nbd7 10. Re1 exd4 11. Nxd4 Ne5 12. Bf1 Re8 13. Be3 Be6 14. Nxe6 Rxe6 15.
a3 Nxe4 16. Bd4 Nxc3 17. Bxc3 Qb6 18. Bg2 Rae8 19. b3 Ng4 20. Rxe6 Qxf2+ 21.
Kh1 Rxe6 22. Bxg7 Ne3 23. Qf3 Qxf3 24. Bxf3 Kxg7 25. Kg1 Nc2 0-1

[Event "29. Abierto Ciudad de Sevilla"]
[Site "Sevilla ESP"]
[Date "2004.01.16"]
[Round "8.21"]
[White "Estremera Paños, Sergio"]
[Black "Carrabeo Garcia, Manuel"]
[Result "1-0"]
[WhiteElo "2353"]
[BlackElo "2105"]
[PlyCount "77"]
[EventDate "2004.01.09"]
[EventType "swiss"]
[EventRounds "9"]
[EventCountry "ESP"]
[Source "lmi"]
[SourceDate "2004.01.17"]

1. d4 Nf6 2. c4 e6 3. Nc3 Bb4 4. e3 b6 5. Bd3 Bb7 6. Nf3 O-O 7. O-O Bxc3 8.
bxc3 c5 9. Nd2 d5 10. cxd5 exd5 11. f3 Re8 12. Re1 Nc6 13. Nf1 c4 14. Bc2 b5
15. a3 a5 16. Rb1 Ba6 17. Ng3 Rb8 18. Bd2 Qd6 19. e4 Qxa3 20. e5 Nd7 21. f4 b4
22. Bc1 Qa2 23. Re2 b3 24. Bxh7+ Kxh7 25. Rxa2 bxa2 26. Qc2+ Kg8 27. Qxa2 Rxb1
28. Qxb1 Rb8 29. Qc2 Rb3 30. Nh5 a4 31. e6 Nf6 32. Nxf6+ gxf6 33. h4 a3 34. h5
Bc8 35. exf7+ Kxf7 36. Qh7+ Ke8 37. Qg8+ Ke7 38. Bxa3+ Rxa3 39. Qxc8 1-0

[Event "29. Abierto Ciudad de Sevilla"]
[Site "Sevilla ESP"]
[Date "2004.01.16"]
[Round "8.22"]
[White "Barrero Garcia, Carlos"]
[Black "Hidalgo Begines, Pablo"]
[Result "1-0"]
[WhiteElo "2339"]
[BlackElo "2102"]
[PlyCount "59"]
[EventDate "2004.01.09"]
[EventType "swiss"]
[EventRounds "9"]
[EventCountry "ESP"]
[Source "lmi"]
[SourceDate "2004.01.17"]

1. Nf3 Nf6 2. c4 g6 3. Nc3 c5 4. d4 cxd4 5. Nxd4 Bg7 6. e4 d6 7. Be2 O-O 8. O-O
Nc6 9. Be3 Bd7 10. Qd2 Rc8 11. f3 a6 12. Rfc1 Ne5 13. b3 Bc6 14. h3 a5 15. Rab1
e6 16. Ndb5 Bxb5 17. Nxb5 d5 18. cxd5 exd5 19. Rxc8 Qxc8 20. exd5 Qf5 21. Rd1
Rd8 22. Qxa5 Rf8 23. Nd6 Qc2 24. Qd2 Qc7 25. Nc4 Nh5 26. d6 Nxc4 27. dxc7 Nxd2
28. Rxd2 Bf6 29. Bb6 Nf4 30. Bc4 1-0

[Event "29. Abierto Ciudad de Sevilla"]
[Site "Sevilla ESP"]
[Date "2004.01.17"]
[Round "9.1"]
[White "Epishin, Vladimir"]
[Black "Strikovic, Aleksa"]
[Result "1-0"]
[WhiteElo "2633"]
[BlackElo "2524"]
[PlyCount "55"]
[EventDate "2004.01.09"]
[EventType "swiss"]
[EventRounds "9"]
[EventCountry "ESP"]
[Source "lmi"]
[SourceDate "2004.01.17"]

1. d4 Nf6 2. c4 g6 3. Nc3 Bg7 4. e4 d6 5. Nf3 O-O 6. Be2 e5 7. O-O Na6 8. Re1
c6 9. Bf1 Bg4 10. d5 Nb4 11. Be2 a5 12. Bg5 Qc7 13. a3 Na6 14. Rb1 Nc5 15. Bxf6
Bxf6 16. b4 axb4 17. axb4 Na6 18. dxc6 bxc6 19. Qd2 Be6 20. Rec1 Be7 21. Nd5
cxd5 22. cxd5 Qb6 23. dxe6 fxe6 24. Qc3 Rab8 25. Qc4 Nxb4 26. Qxe6+ Rf7 27.
Rxb4 Qxb4 28. Bc4 1-0

[Event "29. Abierto Ciudad de Sevilla"]
[Site "Sevilla ESP"]
[Date "2004.01.17"]
[Round "9.2"]
[White "Campora, Daniel Hugo"]
[Black "Korneev, Oleg"]
[Result "1-0"]
[WhiteElo "2503"]
[BlackElo "2566"]
[PlyCount "47"]
[EventDate "2004.01.09"]
[EventType "swiss"]
[EventRounds "9"]
[EventCountry "ESP"]
[Source "lmi"]
[SourceDate "2004.01.17"]

1. e4 c5 2. Nf3 e6 3. d4 cxd4 4. Nxd4 a6 5. Bd3 Nf6 6. O-O Qc7 7. Nd2 d6 8. a4
b6 9. a5 b5 10. c4 e5 11. Nc2 bxc4 12. Nxc4 Nbd7 13. Bg5 Bb7 14. Bxf6 Nxf6 15.
Nb6 Ra7 16. Nb4 Be7 17. Qa4+ Kf8 18. Rfc1 Qb8 19. Nc6 Bxc6 20. Rxc6 Rc7 21.
Rac1 Bd8 22. Rxc7 Bxc7 23. Nd7+ Nxd7 24. Qxd7 1-0

[Event "29. Abierto Ciudad de Sevilla"]
[Site "Sevilla ESP"]
[Date "2004.01.17"]
[Round "9.3"]
[White "Spraggett, Kevin"]
[Black "Khamrakulov, Ibragim S"]
[Result "1-0"]
[WhiteElo "2536"]
[BlackElo "2452"]
[PlyCount "59"]
[EventDate "2004.01.09"]
[EventType "swiss"]
[EventRounds "9"]
[EventCountry "ESP"]
[Source "lmi"]
[SourceDate "2004.01.17"]

1. e4 c5 2. Nf3 a6 3. c4 Nc6 4. d4 cxd4 5. Nxd4 e6 6. Nc2 Bc5 7. Be3 d6 8. Nc3
Nf6 9. Be2 Qc7 10. O-O O-O 11. Bg5 Nd7 12. a3 h6 13. Bh4 Re8 14. Kh1 Nce5 15.
f4 Ng6 16. Bg3 Nf6 17. Bd3 Bd7 18. b4 Ba7 19. e5 dxe5 20. fxe5 Nh7 21. Ne4 Nxe5
22. Nd6 Nxd3 23. Qxd3 Rf8 24. Nxf7 e5 25. Nxh6+ Kh8 26. Nf7+ Kg8 27. Bxe5 Qc6
28. Qg3 g5 29. Nxg5 Qg6 30. Nf7 1-0

[Event "29. Abierto Ciudad de Sevilla"]
[Site "Sevilla ESP"]
[Date "2004.01.17"]
[Round "9.4"]
[White "Teske, Henrik"]
[Black "Garcia Luque, Agustin"]
[Result "1/2-1/2"]
[WhiteElo "2526"]
[BlackElo "2413"]
[PlyCount "108"]
[EventDate "2004.01.09"]
[EventType "swiss"]
[EventRounds "9"]
[EventCountry "ESP"]
[Source "lmi"]
[SourceDate "2004.01.17"]

1. Nf3 Nf6 2. c4 g6 3. Nc3 Bg7 4. g3 O-O 5. Bg2 d6 6. d4 c6 7. O-O Bf5 8. b3
Ne4 9. Bb2 Nxc3 10. Bxc3 Be4 11. Rc1 d5 12. e3 Qd6 13. Bh3 Nd7 14. Qe2 Bf5 15.
Bxf5 gxf5 16. cxd5 Qxd5 17. Rfd1 a5 18. Rc2 Rfd8 19. Nd2 a4 20. Rb1 axb3 21.
Rxb3 b5 22. Qf3 Nf6 23. Bb4 e6 24. Rxc6 Rxa2 25. Qxd5 Nxd5 26. Nf3 Ra4 27. Bc5
b4 28. Nd2 Bf8 29. Nc4 Ra1+ 30. Kg2 Rc1 31. Nb6 Nxb6 32. Rxb6 Bxc5 33. dxc5
Rxc5 34. R3xb4 Rc2 35. Rf4 h5 36. Rb7 Rdd2 37. h3 Rc5 38. g4 hxg4 39. hxg4 Rdd5
40. e4 Rd4 41. gxf5 exf5 42. Rxf5 Rxf5 43. exf5 Kg7 44. Kg3 Kf6 45. f3 Ra4 46.
Rc7 Rb4 47. Ra7 Rc4 48. f4 Rc1 49. Kg4 Rg1+ 50. Kf3 Rf1+ 51. Ke3 Re1+ 52. Kf2
Rb1 53. Ra5 Rb3 54. Re5 Ra3 1/2-1/2

[Event "29. Abierto Ciudad de Sevilla"]
[Site "Sevilla ESP"]
[Date "2004.01.17"]
[Round "9.5"]
[White "Mirzoev, Azer"]
[Black "Saldaño, Horacio"]
[Result "0-1"]
[WhiteElo "2551"]
[BlackElo "2424"]
[PlyCount "82"]
[EventDate "2004.01.09"]
[EventType "swiss"]
[EventRounds "9"]
[EventCountry "ESP"]
[Source "lmi"]
[SourceDate "2004.01.17"]

1. d4 Nf6 2. Nf3 g6 3. Bf4 Bg7 4. e3 O-O 5. Be2 d6 6. h3 Nbd7 7. O-O b6 8. a4
a5 9. c3 Bb7 10. Na3 Ne4 11. Qc2 e5 12. dxe5 dxe5 13. Bh2 Ng5 14. Qd1 Qe7 15.
Nxg5 Qxg5 16. Bf3 e4 17. Bf4 Qe7 18. Be2 Ne5 19. Bxe5 Bxe5 20. Nc4 Bg7 21. Qc2
Bd5 22. Na3 h5 23. Bc4 Bb7 24. Rfd1 Rad8 25. Qb3 Be5 26. Bd5 Bxd5 27. Rxd5 Rxd5
28. Qxd5 Rd8 29. Qb5 Qe6 30. Nc4 Bf6 31. Rc1 Rd5 32. Qb3 Rd3 33. Qb5 Kg7 34.
Na3 Rd2 35. Nc4 Rd5 36. Qb3 Rg5 37. Kf1 Rf5 38. Rd1 Bh4 39. Rd2 Rc5 40. Rd4 Bf6
41. Nd2 Qxb3 0-1

[Event "29. Abierto Ciudad de Sevilla"]
[Site "Sevilla ESP"]
[Date "2004.01.17"]
[Round "9.6"]
[White "Van der Weide, Karel"]
[Black "Cheparinov, Ivan"]
[Result "1/2-1/2"]
[WhiteElo "2436"]
[BlackElo "2550"]
[PlyCount "97"]
[EventDate "2004.01.09"]
[EventType "swiss"]
[EventRounds "9"]
[EventCountry "ESP"]
[Source "lmi"]
[SourceDate "2004.01.17"]

1. e4 c5 2. Nf3 d6 3. d4 cxd4 4. Nxd4 Nf6 5. Nc3 a6 6. Be3 Nc6 7. Be2 e6 8. Qd2
Be7 9. g4 Nxd4 10. Qxd4 e5 11. Qd1 h6 12. Bf3 Be6 13. h3 Rc8 14. Qd2 b5 15.
O-O-O Qa5 16. Kb1 Rxc3 17. Qxc3 Qxa2+ 18. Kc1 O-O 19. Qa3 Qxa3 20. bxa3 Rc8 21.
Rhe1 Rc4 22. Bb6 Nd7 23. Ba5 Nc5 24. Kb1 Ra4 25. Bb4 a5 26. Bxc5 dxc5 27. Kb2
c4 28. Ra1 b4 29. axb4 Rxb4+ 30. Kc1 Bg5+ 31. Kd1 c3 32. Be2 Rd4+ 33. Bd3 Rxd3+
34. cxd3 Bb3+ 35. Ke2 a4 36. d4 exd4 37. Kd3 f6 38. Kxd4 c2 39. Kd3 Kf7 40. h4
Bf4 41. Rac1 Bxc1 42. Rxc1 g5 43. hxg5 hxg5 44. Kd4 Ke6 45. Ra1 Kd6 46. Rc1 Kc6
47. Kc3 Kc5 48. Rg1 Kd6 49. Kd4 1/2-1/2

[Event "29. Abierto Ciudad de Sevilla"]
[Site "Sevilla ESP"]
[Date "2004.01.17"]
[Round "9.7"]
[White "Franco Ocampos, Zenon"]
[Black "Tissir, Mohamed"]
[Result "1-0"]
[WhiteElo "2524"]
[BlackElo "2436"]
[PlyCount "87"]
[EventDate "2004.01.09"]
[EventType "swiss"]
[EventRounds "9"]
[EventCountry "ESP"]
[Source "lmi"]
[SourceDate "2004.01.17"]

1. Nf3 Nf6 2. c4 e6 3. Nc3 d5 4. d4 Be7 5. Bg5 O-O 6. e3 Nbd7 7. Rc1 dxc4 8.
Bxc4 a6 9. a4 c5 10. O-O cxd4 11. exd4 Nb6 12. Bb3 Nfd5 13. Bxe7 Nxe7 14. Qd3
Nbd5 15. Ne5 Nf6 16. Rfd1 Qb6 17. Bc2 Ng6 18. Nc4 Qb4 19. Na2 Qe7 20. Nb6 Rb8
21. Qg3 Bd7 22. Bxg6 hxg6 23. Rc7 Qd8 24. Nxd7 Nxd7 25. d5 exd5 26. Rxd5 Qe8
27. h3 Qe1+ 28. Kh2 Nf6 29. Rd4 Rbd8 30. Rxd8 Rxd8 31. Nc3 b5 32. axb5 axb5 33.
Rb7 Rd2 34. Rb8+ Kh7 35. Qh4+ Nh5 36. Ne4 Rd5 37. Qe7 Qc1 38. Qxf7 Qf4+ 39.
Qxf4 Nxf4 40. h4 g5 41. Nxg5+ Kg6 42. g4 Kh6 43. Rb6+ Ng6 44. f4 1-0

[Event "29. Abierto Ciudad de Sevilla"]
[Site "Sevilla ESP"]
[Date "2004.01.17"]
[Round "9.8"]
[White "Barrientos Chavarriaga, Sergio"]
[Black "Paunovic, Dragan"]
[Result "1-0"]
[WhiteElo "2425"]
[BlackElo "2517"]
[PlyCount "80"]
[EventDate "2004.01.09"]
[EventType "swiss"]
[EventRounds "9"]
[EventCountry "ESP"]
[Source "lmi"]
[SourceDate "2004.01.17"]

1. e4 c5 2. Nf3 e6 3. d4 cxd4 4. Nxd4 a6 5. Bd3 Nf6 6. O-O d6 7. Nc3 Be7 8. a4
b6 9. Qf3 Bb7 10. Qg3 g6 11. Bg5 Nbd7 12. f4 Nh5 13. Qh4 h6 14. Bxe7 Qxe7 15.
Qh3 Nhf6 16. Rae1 e5 17. fxe5 Nxe5 18. Nde2 h5 19. Qe3 Ned7 20. Bc4 O-O 21. Nf4
Kg7 22. Qd4 Qe5 23. Rd1 Rac8 24. Bd5 Bxd5 25. Nfxd5 Nxd5 26. Qxd5 Qxd5 27. Rxd5
Ne5 28. Rxd6 Nc4 29. Rd7 Nxb2 30. Nd5 Nxa4 31. e5 Rce8 32. Ne7 Nc5 33. Ra7 Ra8
34. Rc7 Rad8 35. Ra7 a5 36. Rc7 Rfe8 37. Ra7 Rd7 38. Rxd7 Nxd7 39. Nc6 Nxe5 40.
Nd4 Rd8 1-0